000 00813nam a2200289 a 4500
003 AR-BaBNM
005 20251128205728.0
008 082120s2002 ||||||||||||||000 | spa||
020 _a84-7738-043-0
040 _cAR-BaBNM
100 1 _aBáez San José, Valerio
245 0 0 _aFundamentos críticos de la grámatica de dependencias
260 _aMadrid
_bSíntesis
_c1988
300 _a163 p.
_bgráfs.
490 0 _aLingüística
_vv. 8
500 _aContiene referencias bibliográficas en p. 145
500 _aIndice de autores y materias en p. 153
650 4 _aSEMIOLOGIA
650 4 _aLINGÜISTICA
650 4 _aTEORIA LINGÜISTICA
650 4 _aSINTAXIS
650 4 _aSEMANTICA
650 4 _aGRAMATICA
800 1 _aMarín, Francisco Marcos
_edirector
942 _cBK
998 _cMARTIN
999 _c12582
_d12582